LDR 00916naa#a2200229#i#450# 001 EN\\bibl\106288 005 20260428174607.2 011 ## _a2071-7318 100 ## _a20260409b2026####ek#y0engy0150####ca 102 ## _aRU 200 1# _aEFFECT OF INTENSIFIER CONCENTRATION ON THE KINETICS OF GRINDING DENTAL GLASS OF THE SrO–Al2O3–SiO2–P2O5–F SYSTEM _eJournal article 210 1# _aBelgorod _cBelgorod State Technological University named after V.G. Shukhov _d2026 215 ## _a8 с. 608 ## _aJournal article _2local 675 ## _aСтекольная промышленность. Технология стекла. Общие сведения о производстве стекла. Стекло в целом. 666.1 _z 700 #1 _aBuzov _gA. A. 700 #1 _aTrubitsyn _gM. A. 700 #1 _aBelousova _gA. A. 700 #1 _aVolovicheva _gN. A. 700 #1 _aFurda _gL. V. 700 #1 _aLisnyak _gV. V. 856 4# _anaukaru.ru _u